000 02752nam0a2200373 4500
001 RU\NLR\BIBL_A\022092788
005 20240117181018.0
010 _a978-5-907688-61-2
_9500
021 _aRU
_bКН-П-23-070076
_9КН-П-23-7105
035 _a(NLR Aleph) 022092788
090 _a12722056
_c12722056
100 _a20231208d2023 k y0rusy50 ca
101 0 _arus
_aeng
102 _aRU
105 _aа|||z|||100yy
181 0 _ai3
_baxxe
182 0 _an
200 1 _aТенденции развития образования: педагог, образовательная организация, общество - 2023
_eматериалы Всероссийской научно-практической конференции с международным участием (Чебоксары, 25 августа 2023 г.)
_fБюджетное учреждение Чувашской Республики дополнительного профессионального образования "Чувашский республиканский институт образования" Министерства образования Чувашской Республики
_gредакционная коллегия: Мурзина Жанна Владимировна, главный редактор, канд. биол. наук, Егорова Анна Семёновна, канд. филол. наук, доцент
203 _aТекст
_bвизуальный
_cнепосредственный
210 _aЧебоксары
_cСреда
_d2023
215 _a331 с.
_cил., табл.
_d21
225 1 _aОбразование через всю жизнь
300 _aЧасть текста англ.
320 _aБиблиогр. в конце ст.
606 1 _aОбразование
_yРоссийская Федерация
_jСъезды, совещания и т.п
_2nlr_sh2
_3RU\NLR\AUTH\661375304
686 1 _aЧ34(2Р)я431
702 1 _aМурзина
_bЖ. В.
_f1969-
_gЖанна Владимировна
_4340
711 1 2 _a"Тенденции развития образования: педагог, образовательная организация, общество - 2023", всероссийская научно-практическая конференция с международным участием
_eЧебоксары
_3RU\NLR\AUTH\880601845
712 0 2 _aЧувашский республиканский институт образования
_cЧебоксары
_3RU\NLR\AUTH\8810155690
_4475
942 _cBOOK
980 _aNB